LEADER 00658naa a2200157 i 4500 001 000000308995 003 CaOOAMICUS 005 20180831172946.0 008 180831n it u000 u ita u 013 $a18058 040 $aSeMil$bita 100 1 $aFabris, Rinaldo,$c.$0(OLS)http://semarc/name/340 245 13$aIl diventare "piccoli" nei vangeli sinottici. 650 4$aUmiltà.$0(OLS)http://semarc/subject/8795 773 0 $aBettinelli, Carla$tEvangelica via della piccolezza.$dMilano : Glossa, 2007.$kSapientia $z978-88-7105-235-9$gp.57-74$w()167782 996 $6245$aIl diventare "piccoli" nei vangeli sinottici$9(OLS)http://semarc/title/384202 LEADER 00625naa a2200157 i 4500 001 000000306952 003 CaOOAMICUS 005 20180831172907.0 008 180831n xx u000 u fre u 013 $a15530 040 $aSeMil$bita 100 1 $aPoulat, Émile,$d<1920-2014>.$0(OLS)http://semarc/name/22485 245 10$aFaire la théologie dans la situation d'aujourd'hui. 650 4$aTeologia - Sec. 20.-21. - Prospettive.$0(OLS)http://semarc/subject/44961 773 0 $t1.$dParis : Desclée, 1991.$z2-7189-0536-0$gp.619-645$w()40607 996 $6245$aFaire la théologie dans la situation d'aujourd'hui$9(OLS)http://semarc/title/382352